| 000 | 00735nam a2200277Ia 4500 | ||
|---|---|---|---|
| 008 | 171025s9999 xx 000 0 und d | ||
| 020 | _a9780749451097 | ||
| 050 | _a651.7 | ||
| 050 | _bF754 1998 | ||
| 100 | _aFoster, John | ||
| 245 | _aEffective writing skills for public relations / | ||
| 245 | _cby John Foster. | ||
| 250 | _aFourth edition | ||
| 260 | _aUnited Kingdom : | ||
| 260 | _bKogan Page, | ||
| 260 | _c2008 | ||
| 300 | _axvi, 270 pages : | ||
| 300 | _billustrations ; | ||
| 300 | _c23cm. | ||
| 500 | _aIncludes appendix and index. | ||
| 650 | _aBusiness writing -- | ||
| 650 | _aPublic relations -- | ||
| 650 | _xHandbooks, manuals, etc. | ||
| 650 | _xHandbooks, manuals, etc. | ||
| 700 | _aTitle. | ||
| 999 |
_c344455 _d344455 |
||